أتى أمر الله فلا تستعجلوه : (رقم التسجيلة. 103205)

تفاصيل مارك
000 -الفاتح
عناصر البيانات ثابتة الطول 00673cam a2200193 i 4500
005 - تاريخ ووقت آخر معاملة
حقل ضبط 20251120121603.0
008 - عناصر البيانات ثابتة الطول
عناصر البيانات ثابتة الطول 250721s2002 jo gr 000 0 ara d
020 ## - الترقيم الدولي المعياري للكتب (ردمك)
الترقيم الدولي المعياري للكتب (ردمك) 995742324x
082 14 - رقم تصنيف ديوي العشري
رقم التصنيف 211.18
رقم المادة ح ل و
100 1# - مدخل رئيسي – اسم شخصي
الاسم الشخصي الحلو، خالد
علاقة الشخص بالعمل/ دوره مؤلف.
245 10 - بيان العنوان
العنوان أتى أمر الله فلا تستعجلوه :
بقية العنوان من بابل إلى بيت المقدس /
بيان المسؤولية تأليف الدكتور خالد الحلو.
264 31 - بيانات النشر، التوزيع…إلخ
مكان النشر، التوزيع...إلخ عمان :
اسم الناشر، الموزع...إلخ دار عالم الثقافة،
تاريخ النشر، التوزيع...إلخ 2002.
300 ## - الوصف المادي
عدد الوحدات المكونة للوعاء 303 صفحة.
650 17 - مدخل إضافي بالموضوع - مصطلح موضوعي
مصطلح موضوعي أو اسم جغرافي كعنصر مدخل القرآن الكريم.
650 17 - مدخل إضافي بالموضوع - مصطلح موضوعي
مصطلح موضوعي أو اسم جغرافي كعنصر مدخل التفسير.
650 17 - مدخل إضافي بالموضوع - مصطلح موضوعي
مصطلح موضوعي أو اسم جغرافي كعنصر مدخل الآيات.
942 ## - بيانات إضافية (كوها)
نوع التنصيف Dewey Decimal Classification
نوع المادة (كوها) كتب
المقتنيات
حالة السحب حالة الفقدان مصدر التصنيف حالة التلف غير قابل للإعارة المكتبة الرئيسية المكتبة الحالية موقع الرف تاريخ التزويد الرقم المتسلسل Total Checkouts رقم الإستدعاء الباركود تاريخ آخر ظهور تاريخ الفاتورة نوع المادة (كوها)
    Dewey Decimal Classification     المكتبة المركزية المكتبة المركزية الإعارة 28/07/2025 1052374   211.18 / ح ل و 1052374 28/07/2025 28/07/2025 كتب
Implemented & Customized by: BBB with SCIT (Smart Chains for Information Technology)

Powered by Koha